Planning at the grass roots (Record no. 351636)

000 -LEADER
fixed length control field 00398cam a22001337a 4500
008 - FIXED-LENGTH DATA ELEMENTS--GENERAL INFORMATION
fixed length control field 180718b1988 xxu||||| |||| 00| 0 eng d
082 ## - DEWEY DECIMAL CLASSIFICATION NUMBER
Classification number B136x5441 P886
100 ## - MAIN ENTRY--PERSONAL NAME
Personal name Prasad, Kamta
245 ## - TITLE STATEMENT
Title Planning at the grass roots
Statement of responsibility, etc. by Kamta Prasad
260 ## - PUBLICATION, DISTRIBUTION, ETC.
Place of publication, distribution, etc. New Delhi
Name of publisher, distributor, etc. Sterling
Date of publication, distribution, etc. 1988
300 ## - PHYSICAL DESCRIPTION
Extent 200p.
650 ## - SUBJECT ADDED ENTRY--TOPICAL TERM
Topical term or geographic name entry element Rural development - India - Bihar.
650 ## - SUBJECT ADDED ENTRY--TOPICAL TERM
Topical term or geographic name entry element Rural development - India - Gujarat
Holdings
Withdrawn status Lost status Damaged status Not for loan Permanent Location Current Location Date acquired Full call number Barcode Date last seen Price effective from Koha item type
        Indian Institute of Public Administration Indian Institute of Public Administration 2009-06-23 B136x5441 P886 63925 2018-07-21 2018-07-21 Book
        Indian Institute of Public Administration Indian Institute of Public Administration 2009-06-23 B136x5441 P886 63924 2018-07-21 2018-07-21 Book
        Indian Institute of Public Administration Indian Institute of Public Administration 2009-06-23 B136x5441 P886 63923 2018-07-21 2018-07-21 Book
        Indian Institute of Public Administration Indian Institute of Public Administration 2009-06-23 B136x5441 P886 63922 2018-07-21 2018-07-21 Book
        Indian Institute of Public Administration Indian Institute of Public Administration 2009-06-23 B136x5441 P886 63921 2018-07-21 2018-07-21 Book
        Indian Institute of Public Administration Indian Institute of Public Administration 1993-11-16 B136x5441 P886 63654 2018-07-21 2018-07-21 Book

Powered by Koha